Buildoffsite Property Assurance Scheme (BOPAS) (Record no. 121055)

MARC details
000 -LEADER
fixed length control field 01217cam a22002415a 4500
001 - CONTROL NUMBER
control field L159901
008 - FIXED-LENGTH DATA ELEMENTS--GENERAL INFORMATION
fixed length control field 121204s xxk f 000 0 eng d
035 ## - SYSTEM CONTROL NUMBER
System control number (Sirsi) u159901
041 0# - LANGUAGE CODE
Language code of text/sound track or separate title eng
110 2# - MAIN ENTRY--CORPORATE NAME
Corporate name or jurisdiction name as entry element Lloyd's Register
9 (RLIN) 6198
245 00 - TITLE STATEMENT
Title Buildoffsite Property Assurance Scheme (BOPAS)
Medium [electronic resource]
520 ## - SUMMARY, ETC.
Summary, etc. Evaluates and facilitates the adoption of best practice by manufacturers and constructors in key performance areas such as risk management, competency management, configuration management, procurement management and process control at each stage of project development, through concept, design, manufacture and construction. It provides assurance to the lending community that innovatively constructed properties against which they may be lending, will deliver a consistent performance over a determined durability of 60 years.
650 24 - SUBJECT ADDED ENTRY--TOPICAL TERM
Topical term or geographic name entry element MODULAR CONSTRUCTION
650 24 - SUBJECT ADDED ENTRY--TOPICAL TERM
Topical term or geographic name entry element OFFSITE FABRICATION
651 #4 - SUBJECT ADDED ENTRY--GEOGRAPHIC NAME
Geographic name United Kingdom
Chronological subdivision 1973-
690 ## - LOCAL SUBJECT ADDED ENTRY--TOPICAL TERM (OCLC, RLIN)
Topical term or geographic name as entry element OFF-SITE CONSTRUCTION
690 ## - LOCAL SUBJECT ADDED ENTRY--TOPICAL TERM (OCLC, RLIN)
Topical term or geographic name as entry element BUILT ENVIRONMENT
710 2# - ADDED ENTRY--CORPORATE NAME
Corporate name or jurisdiction name as entry element RICS
710 2# - ADDED ENTRY--CORPORATE NAME
Corporate name or jurisdiction name as entry element Buildoffsite.com
9 (RLIN) 6089
710 ## - ADDED ENTRY--CORPORATE NAME
Corporate name or jurisdiction name as entry element BLP Insurance
9 (RLIN) 6199
856 41 - ELECTRONIC LOCATION AND ACCESS
Uniform Resource Identifier <a href="https://www.bopas.org">https://www.bopas.org</a>
Public note View the website at www.bopas.org
942 ## - ADDED ENTRY ELEMENTS (KOHA)
Suppress in OPAC 0
Holdings
Withdrawn status Lost status Source of classification or shelving scheme Damaged status Not for loan Home library Current library Shelving location Date acquired Total Checkouts Full call number Barcode Date last seen Copy number Price effective from Koha item type
    Dewey Decimal Classification     Virtual Virtual Online 22/03/2018   WEB-SITE 159901-2001 06/08/2019 1 06/08/2019 Online material